000
00221 a2200097 4500
001
23834
100
_a
Semat, H
245
_a
College Physics : A Programmed Aid
260
_a
_b
Holt Rinehart
_c
1967
090
_c
16147
_d
16147
942
_a
NUST-CAE
_c
M
_c
6833
999
_c
258907
_d
258907